Alternative scriptwriting : successfully breaking the rules

Saved in:
Bibliographic Details
Main Author: Dancyger, Ken
Other Authors: Rush, Jeff
Format: Book
Language:English
Published: Boston : Focal Press, c2002
Edition:[3rd ed.]
Subjects:
Tags: Add Tag
No Tags, Be the first to tag this record!

MARC

LEADER 00000nam a2200000 i 4500
001 1/73383
008 050315s2002 eng d
020 |a 0-240-80477-5 
035 |l 10077080 
040 |a GR-MY-UA  |b gre  |e aacr 
041 0 |a eng 
082 0 |a 808.23  |2 (21) 
100 1 |a Dancyger, Ken. 
245 1 0 |a Alternative scriptwriting :  |b successfully breaking the rules /  |c Ken Dancyger and Jeff Rush 
250 |a [3rd ed.] 
260 |a Boston :   |b Focal Press,   |c c2002 
300 |a xiv, 378 σ.;  |c 24 εκ. 
504 |a Περιέχει βιβλιογραφικές παραπομπές 
650 0 0 |a Motion picture authorship. 
650 0 0 |a Motion picture plays  |x Technique. 
650 0 0 |a Creative writing. 
700 1 |a Rush, Jeff. 
852 |a INST  |b LESVOS  |e 20050315  |h 808.23 DAN  |p 005100030081  |q 005100030081  |t BK  |y 0 
901 |a BIBL1-2005-1 
909 |a Λ  |b 113665 
920 |a ΔΙΕΥΡΥΝΣΗ  |b ΕΠΕΑΕΚ-ΠΤΕ  |y ΛΕΣΒΟΣ  |z 2004-10 
970 |a ΜΑΡΙΝΑΤΟΥ  |b ΜΥΡΣΙΝΗ  |z 2005/03/15